|
|
|
|
| LEADER |
00000cam a2200000 a 4500 |
| 001 |
025176 |
| 003 |
UAHC_CL |
| 005 |
20170803122500.0 |
| 008 |
030830b xx j 000 1 eng |
| 040 |
|
|
|a UAHC_CL
|c UAHC_CL
|d UAHC_CL
|
| 245 |
1 |
0 |
|a Evaluación para la conservación :
|b modelo propuesto para evaluar las necesidades de control del entorno museístico.
|
| 300 |
|
|
|a 34 p.
|
| 505 |
0 |
|
|a 1. Objetivos y metodología para una "evaluación para la conservación" -- 2. Directries para la "evaluación para la conservación"
|
| 521 |
|
|
|a Arte, Cultura y folclore I
|
| 653 |
|
|
|a Antropología
|
| 658 |
|
|
|a Seelenfreund, Andrea
|
| 900 |
|
|
|a ANT 755
|
| 942 |
|
|
|c BK
|
| 952 |
|
|
|0 0
|1 0
|4 0
|6 ANT_755_000000000000000
|7 0
|8 General
|9 51035
|a BC
|b BC
|c General
|d 2017-08-03
|l 0
|o ANT 755
|p 1339596
|q 2017-06-28
|r 2017-08-03 00:00:00
|t 2
|w 2017-08-03
|y BK
|
| 999 |
|
|
|c 25176
|d 25176
|